[PAROLES] Loto - Josman - Statistiques

Statistiques générales
  • Ce quiz a été pris 73 fois
  • Le résultat moyen est 276 sur 464
Statistiques - réponses
Paroles Structure % Correct
à
98%
a
98%
j'veux
98%
Loto
98%
Loto,
98%
plus
98%
Poto, Couplet 1 | Couplet 2 | Outro
98%
poto,
98%
au
96%
voir
96%
jouer
94%
mon
94%
daron
93%
putain,
93%
Putain,
93%
faut
91%
la
91%
La
91%
là,
91%
si
91%
le
89%
Le
89%
butin
87%
il
87%
Il Refrain
87%
que
87%
Que
87%
avec
85%
de
85%
je
85%
dans
83%
Dans
83%
j'sors,
81%
pas
81%
sa
81%
un
81%
une
81%
Bitch,
80%
buccal
80%
gâterie
80%
Ces
78%
c'est
78%
est
78%
futal,
78%
j'ai
78%
J'baisserai
78%
mettre
78%
moi
78%
Moi,
78%
orifice
78%
pour
78%
Pour
78%
t'la
78%
ton
78%
fais
76%
Ma
76%
ma
76%
ma,
76%
vie
76%
brutale
74%
d'batterie
74%
j'dors
74%
j'suis
74%
J'suis
74%
même
74%
On
74%
on
74%
Sauf
74%
mort,
72%
mort
72%
bad
70%
cicatrices,
70%
cœur
70%
en
70%
fait
70%
guerre,
69%
guerre
69%
l'amour
69%
les
69%
Les
69%
plein
69%
puis
69%
trip
69%
very,
69%
very
69%
mère
67%
goût
65%
amer,
63%
l'hosto
63%
merde,
63%
qu'j'rentre
63%
cas
61%
tous
61%
Tous
61%
aller
57%
quand
57%
j'opère
56%
T'façon
56%
demain
52%
des
52%
et
52%
mènent
52%
veille
52%
deux
50%
meilleur,
50%
oseille,
50%
seul
50%
Seul
50%
so-per,
50%
souvent
50%
yeah
50%
donc
48%
Donc
48%
j'allume
48%
pire
48%
uc'
48%
du
46%
j'donne
46%
laissent
46%
sur
46%
billets
44%
Billets,
44%
chiffres
44%
J'fume
44%
Mais
44%
mais
44%
paie
44%
paie,
44%
rempli
44%
gros
43%
l'or,
43%
veines
43%
vrai
43%
Vrai
43%
cherche
41%
cons'
41%
dehors,
41%
part
41%
bulletin,
39%
d'abord
39%
d'haine
39%
monnaie
39%
monnaie,
39%
peine,
39%
sera
39%
comme
37%
fumée
37%
high
37%
j'finis
37%
larmes
37%
ou
37%
regrets
37%
sans
37%
sang
35%
tecs
35%
aimerait
33%
c'était
33%
j'dois
33%
m'nourrir
33%
m'voir
33%
verra
33%
zéros
33%
bouche,
31%
boule,
31%
fils
31%
mourrir,
31%
putes
31%
sourire
31%
tête
31%
tête,
31%
doivent
30%
fois
30%
J'fais
30%
langue
30%
mes
30%
m'faut
30%
n'attends
30%
négro,
30%
remords
30%
spliff
30%
Certains
28%
d'l'oxygène,
28%
flemme
28%
l'air,
28%
l'air
28%
majeur
28%
sept
28%
cafard
26%
j'perds
26%
J'tourne
26%
poste
26%
baise
24%
barge
24%
génie
24%
j'attends
24%
jeune
24%
mourir,
24%
n'parle
24%
pourrir
24%
titulaire
24%
blé,
22%
Désolé,
22%
paroles
22%
Pearl
22%
poule
22%
sinon
22%
aimeraient
20%
aux
20%
boss,
20%
d'agir
20%
habite
20%
Harbor
20%
hardcore,
20%
j'essaie
20%
J'pensais
20%
l'herbe
20%
négros
20%
sont
20%
tombé
20%
trop
20%
J'aime
19%
j'les
19%
joint
19%
m'barre,
19%
paix
19%
d'cinéma
17%
force,
17%
J'avais
17%
ah
13%
flammes,
13%
yo
4%
Hun
2%
Aucun quiz correspondant
Distribution des résultats
% des personnes avec chaque résultat
Percentile par nombre de réponses
Votre historique - résultats
Vous n’avez pas pris ce quiz